New first certificate:Gold (ბიბ.ჩანაწერი № 41729)
[ მარტივი ფორმატი ]
| 000 -LEADER | |
|---|---|
| fixed length control field | 00611nam a2200253Ia 4500 |
| 001 - CONTROL NUMBER | |
| control field | 8410 |
| 003 - CONTROL NUMBER IDENTIFIER | |
| control field | GE_BSU |
| 008 - FIXED-LENGTH DATA ELEMENTS--GENERAL INFORMATION | |
| fixed length control field | 181216s||||||||xx |||||||||||||| ||und|| |
| 020 ## - INTERNATIONAL STANDARD BOOK NUMBER | |
| International Standard Book Number | 9780582777248 |
| 040 ## - CATALOGING SOURCE | |
| Transcribing agency | GE_BSU |
| 080 ## - UNIVERSAL DECIMAL CLASSIFICATION NUMBER | |
| Universal Decimal Classification number | 811.111(075) |
| 100 ## - MAIN ENTRY--PERSONAL NAME | |
| Personal name | Burgess, Sally.with Jasky Newbrook and Judith Wilson. |
| 245 ## - TITLE STATEMENT | |
| Title | New first certificate:Gold |
| 245 ## - TITLE STATEMENT | |
| Remainder of title | Exam maximiser |
| 260 ## - PUBLICATION, DISTRIBUTION, ETC. | |
| Place of publication, distribution, etc. | Edinburgh |
| 260 ## - PUBLICATION, DISTRIBUTION, ETC. | |
| Name of publisher, distributor, etc. | Longman. |
| 260 ## - PUBLICATION, DISTRIBUTION, ETC. | |
| Date of publication, distribution, etc. | 2007 |
| 300 ## - PHYSICAL DESCRIPTION | |
| Extent | 160p;Ill.27cm. |
| 300 ## - PHYSICAL DESCRIPTION | |
| Other physical details | +1cd. |
| 653 ## - INDEX TERM--UNCONTROLLED | |
| Uncontrolled term | Exam maximiser |
| 653 ## - INDEX TERM--UNCONTROLLED | |
| Uncontrolled term | New first certificate:Gold |
| 942 ## - ADDED ENTRY ELEMENTS (KOHA) | |
| Koha item type | წიგნი |
| Withdrawn status | Lost status | Damaged status | Not for loan | Date acquired | Barcode | Date last seen | Price effective from | Koha item type |
|---|---|---|---|---|---|---|---|---|
| 2018-12-17 | 30422 | 2018-12-17 | 2018-12-17 | წიგნი | ||||
| 2018-12-17 | 30423 | 2018-12-17 | 2018-12-17 | წიგნი | ||||
| 2018-12-17 | 30424 | 2018-12-17 | 2018-12-17 | წიგნი | ||||
| 2018-12-17 | 30425 | 2018-12-17 | 2018-12-17 | წიგნი | ||||
| 2018-12-17 | 30426 | 2018-12-17 | 2018-12-17 | წიგნი | ||||
| 2018-12-17 | 30427 | 2018-12-17 | 2018-12-17 | წიგნი | ||||
| 2018-12-17 | 30428 | 2018-12-17 | 2018-12-17 | წიგნი | ||||
| 2018-12-17 | 30429 | 2018-12-17 | 2018-12-17 | წიგნი | ||||
| 2018-12-17 | 30430 | 2018-12-17 | 2018-12-17 | წიგნი | ||||
| 2018-12-17 | 30431 | 2018-12-17 | 2018-12-17 | წიგნი | ||||
| 2018-12-17 | 30432 | 2018-12-17 | 2018-12-17 | წიგნი | ||||
| 2018-12-17 | 30433 | 2018-12-17 | 2018-12-17 | წიგნი | ||||
| 2018-12-17 | 30434 | 2018-12-17 | 2018-12-17 | წიგნი | ||||
| 2018-12-17 | 30435 | 2018-12-17 | 2018-12-17 | წიგნი | ||||
| 2018-12-17 | 30436 | 2018-12-17 | 2018-12-17 | წიგნი | ||||
| 2018-12-17 | 30437 | 2018-12-17 | 2018-12-17 | წიგნი | ||||
| 2018-12-17 | 30438 | 2018-12-17 | 2018-12-17 | წიგნი | ||||
| 2018-12-17 | 30439 | 2018-12-17 | 2018-12-17 | წიგნი | ||||
| 2018-12-17 | 30440 | 2018-12-17 | 2018-12-17 | წიგნი | ||||
| 2018-12-17 | 30441 | 2018-12-17 | 2018-12-17 | წიგნი | ||||
| 2018-12-17 | 30442 | 2018-12-17 | 2018-12-17 | წიგნი | ||||
| 2018-12-17 | 30443 | 2018-12-17 | 2018-12-17 | წიგნი | ||||
| 2018-12-17 | 30444 | 2018-12-17 | 2018-12-17 | წიგნი | ||||
| 2018-12-17 | 30445 | 2018-12-17 | 2018-12-17 | წიგნი | ||||
| 2018-12-17 | 30446 | 2018-12-17 | 2018-12-17 | წიგნი | ||||
| 2018-12-17 | 30447 | 2018-12-17 | 2018-12-17 | წიგნი | ||||
| 2018-12-17 | 30448 | 2018-12-17 | 2018-12-17 | წიგნი | ||||
| 2018-12-17 | 30449 | 2018-12-17 | 2018-12-17 | წიგნი | ||||
| 2018-12-17 | 30450 | 2018-12-17 | 2018-12-17 | წიგნი | ||||
| 2018-12-17 | 30451 | 2018-12-17 | 2018-12-17 | წიგნი | ||||
| 2018-12-17 | 30452 | 2018-12-17 | 2018-12-17 | წიგნი | ||||
| 2018-12-17 | 30453 | 2018-12-17 | 2018-12-17 | წიგნი | ||||
| 2018-12-17 | 30454 | 2018-12-17 | 2018-12-17 | წიგნი | ||||
| 2018-12-17 | 30455 | 2018-12-17 | 2018-12-17 | წიგნი | ||||
| 2018-12-17 | 30456 | 2018-12-17 | 2018-12-17 | წიგნი | ||||
| 2018-12-17 | 30457 | 2018-12-17 | 2018-12-17 | წიგნი | ||||
| 2018-12-17 | 30458 | 2018-12-17 | 2018-12-17 | წიგნი | ||||
| 2018-12-17 | 30459 | 2018-12-17 | 2018-12-17 | წიგნი | ||||
| 2018-12-17 | 30460 | 2018-12-17 | 2018-12-17 | წიგნი | ||||
| 2018-12-17 | 30461 | 2018-12-17 | 2018-12-17 | წიგნი | ||||
| 2018-12-17 | 30462 | 2018-12-17 | 2018-12-17 | წიგნი | ||||
| 2018-12-17 | 30463 | 2018-12-17 | 2018-12-17 | წიგნი | ||||
| 2018-12-17 | 30464 | 2018-12-17 | 2018-12-17 | წიგნი | ||||
| 2018-12-17 | 30465 | 2018-12-17 | 2018-12-17 | წიგნი | ||||
| 2018-12-17 | 30466 | 2018-12-17 | 2018-12-17 | წიგნი | ||||
| 2018-12-17 | 30467 | 2018-12-17 | 2018-12-17 | წიგნი | ||||
| 2018-12-17 | 30468 | 2018-12-17 | 2018-12-17 | წიგნი | ||||
| 2018-12-17 | 30469 | 2018-12-17 | 2018-12-17 | წიგნი | ||||
| 2018-12-17 | 30470 | 2018-12-17 | 2018-12-17 | წიგნი | ||||
| 2018-12-17 | 30471 | 2018-12-17 | 2018-12-17 | წიგნი |
